| 000 | 005950000a22002290004500 | ||
|---|---|---|---|
| 500 | _aBibliography:p.117-118 | ||
| 650 | _aManagement | ||
| 650 | _aAdministration | ||
| 650 | _aLeadership | ||
| 650 | _aPlanning | ||
| 650 | _aPersonnel administration | ||
| 082 |
_aN658 _bSr349n _cN |
||
| 518 | _a20030530 | ||
| 530 | _aM | ||
| 100 | _aShrestha, Tej Prakash | ||
| 245 | _aNepalma vyavasthapan ra karmachari prashasan: kehi siddhanta kehi vyavahar | ||
| 260 |
_aSonitpur _bPratibharashmi Prakashan, Nepal |
||
| 260 | _c2057 B.S. | ||
| 300 | _a118p. | ||
| 041 | _aNep | ||
| 942 | _cGEN | ||
| 999 |
_c29540 _d29540 |
||